| 000 | 00463nam a22001697a 4500 | ||
|---|---|---|---|
| 999 |
_c526593 _d526593 |
||
| 003 | NUST | ||
| 020 | _qH/B | ||
| 038 | _awaseem | ||
| 082 |
_a891.424 _bAHS |
||
| 100 |
_aTahir, Ahsan Ullah _914897 |
||
| 245 |
_aKankan Nisarpiyan / _cAhsan Ullah Tahir |
||
| 260 |
_aIslamabad : _bAl-Qalam Dare-ul-Ashat, _c1997. |
||
| 300 | _a160 p. ; | ||
| 880 |
_6100-01\r _aاحسان اللہ طاہر |
||
| 880 |
_6245-02\r _aکنکاں نِسرپیاں / |
||
| 942 |
_2ddc _cBK |
||